000 00419nam a2200121Ia 4500
008 171212s9999 xx 000 0 und d
020 _a9781783741885
100 _aNettle, Daniel
245 _cNettle, Daniel
_aTyneside Neighbourhoods
_bDeprivation, Social Life and Social Behaviour in One British City
260 _bOpen Book Publishers
_c2015
650 _aAnthropology
856 _uhttp://jstor.org/stable/j.ctt19b9jrz
999 _c351602
_d351602